Bible leh Science Vol. I / (Record no. 5302)

MARC details
000 -LEADER
fixed length control field 00509nam a22001937a 4500
003 - CONTROL NUMBER IDENTIFIER
control field GBCCL
005 - DATE AND TIME OF LATEST TRANSACTION
control field 20241126110538.0
008 - FIXED-LENGTH DATA ELEMENTS--GENERAL INFORMATION
fixed length control field 180313b ||||| |||| 00| 0 eng d
040 ## - CATALOGING SOURCE
Transcribing agency gbc
082 ## - DEWEY DECIMAL CLASSIFICATION NUMBER
Classification number VER 220.85
Item number BIA
100 ## - MAIN ENTRY--PERSONAL NAME
Personal name Biaksiama, P.C.
9 (RLIN) 9565
245 ## - TITLE STATEMENT
Title Bible leh Science Vol. I /
Statement of responsibility, etc. P.C. Biaksiama
250 ## - EDITION STATEMENT
Edition statement 2nd Ed.
260 ## - PUBLICATION, DISTRIBUTION, ETC.
Name of publisher, distributor, etc. Directorate of Arts & Culture,
Place of publication, distribution, etc. Aizawl:
Date of publication, distribution, etc. 1996
300 ## - PHYSICAL DESCRIPTION
Extent 449 p.;
Other physical details ill.,
Dimensions 21 cm.
650 ## - SUBJECT ADDED ENTRY--TOPICAL TERM
Topical term or geographic name entry element Bible
9 (RLIN) 5
650 ## - SUBJECT ADDED ENTRY--TOPICAL TERM
Topical term or geographic name entry element Science
9 (RLIN) 9566
942 ## - ADDED ENTRY ELEMENTS (KOHA)
Source of classification or shelving scheme Dewey Decimal Classification
Koha item type Books
Koha issues (borrowed), all copies 4
Holdings
Withdrawn status Lost status Source of classification or shelving scheme Damaged status Not for loan Collection Home library Current Library Shelving location Date acquired Total checkouts Full call number Barcode Date last seen Date last checked out Copy number Price effective from Koha item type
    Dewey Decimal Classification       GRACE BIBLE COLLEGE GRACE BIBLE COLLEGE Vernacular 2018-03-13 4 VER 220.85 BIA 004950 2025-08-18 2025-08-14 v.1 2018-03-13 Books
    Dewey Decimal Classification       GRACE BIBLE COLLEGE GRACE BIBLE COLLEGE Vernacular 2018-03-28 1 VER 220.85 BIA 004966 2025-05-01 2020-10-22 v.2 2018-03-28 Books
© Grace Bible College Library 2025